Understanding travel & tours essentials / (Record no. 276930)
[ view plain ]
| 000 -LEADER | |
|---|---|
| fixed length control field | 01216nam a2200205 a 4500 |
| 001 - CONTROL NUMBER | |
| control field | SSB059943 |
| 003 - CONTROL NUMBER IDENTIFIER | |
| control field | PILC |
| 005 - DATE AND TIME OF LATEST TRANSACTION | |
| control field | 20160321133057.0 |
| 008 - FIXED-LENGTH DATA ELEMENTS--GENERAL INFORMATION | |
| fixed length control field | |
| 020 ## - INTERNATIONAL STANDARD BOOK NUMBER | |
| International Standard Book Number | 9789719905202 |
| 050 ## - LIBRARY OF CONGRESS CALL NUMBER | |
| Classification number | G 155.A1 |
| Item number | .L628 2011 |
| 100 ## - MAIN ENTRY--PERSONAL NAME | |
| Personal name | Lim, Romeo D. |
| 245 #0 - TITLE STATEMENT | |
| Title | Understanding travel & tours essentials / |
| Statement of responsibility, etc | Romeo D. Lim. |
| 260 ## - PUBLICATION, DISTRIBUTION, ETC. (IMPRINT) | |
| Place of publication, distribution, etc | Manila : |
| Name of publisher, distributor, etc | Mindshapers, |
| Date of publication, distribution, etc | 2011. |
| 300 ## - PHYSICAL DESCRIPTION | |
| Extent | ix, 277 pages ; |
| Dimensions | 25 cm. |
| 500 ## - GENERAL NOTE | |
| General note | Includes glossary, appendices and bibliographical references. |
| 505 ## - FORMATTED CONTENTS NOTE | |
| Title | Customer service -- |
| -- | Business activities that generate income -- |
| -- | Types of tours and tour components -- |
| -- | Hotels -- |
| -- | The car rental industry -- |
| -- | Tour booking conditions and limitations of liability -- |
| -- | Tour brochures and price quotations -- |
| -- | The airport and the flight -- |
| -- | Travel documents -- |
| -- | Air transport essentials -- |
| -- | Billing and settlement plan -- |
| -- | Baggage rules and regulations -- |
| -- | Health -- |
| -- | Local and world currencies -- |
| -- | International air transportation regulations -- |
| -- | Modes of transport in different part of the world -- |
| -- | Taxes, Philippine travel and immigration guides, list of foreign embassies in the Philippines. |
| 650 ## - SUBJECT ADDED ENTRY--TOPICAL TERM | |
| Topical term or geographic name as entry element | Tourist trade. |
| 942 ## - ADDED ENTRY ELEMENTS (KOHA) | |
| Source of classification or shelving scheme | Library of Congress Classification |
| Koha item type | Books |
| Call number prefix | Filipininana |
| Withdrawn status | Lost status | Source of classification or shelving scheme | Damaged status | Home library | Current library | Shelving location | Date acquired | Source of acquisition | Total Checkouts | Total Renewals | Full call number | Barcode | Date last seen | Date checked out | Price effective from | Koha item type |
|---|---|---|---|---|---|---|---|---|---|---|---|---|---|---|---|---|
| Library of Congress Classification | College Library | College Library | General Circulation Section | 12/11/2014 | Library Fund | 3 | 11 | G 155.A1 .L628 2011 | C19003 | 12/17/2020 | 02/08/2020 | 12/11/2014 | Books | |||
| Library of Congress Classification | College Library | College Library | General Circulation Section | 12/11/2014 | Library Fund | G 155.A1 .L628 2011 | C19004 | 05/15/2018 | 12/11/2014 | Books |